00478nam a2200157Ia 45000010006000000050017000060080041000230410008000640820017000721000032000892450146001212600009002673000028002766500008003046540008003121993920260306172729.0260306t2000||||xx |||||||||||||| ||spa|| aESP a341.51bG313 aGago Prialé, HoracioeAUT 0aSociedad espontánea y derecho:bcómo la teoría jurídica de Joaquín Costa, puede explicar la nueva sociedad urbana y mestiza de Lima c2000 a300 páginas :c20 cm. aGEN aCDE